• 首页
  • 本馆介绍
  • 公告通知
  • 最新文献
  • 馆藏检索
  • 电子资源
  • 读者导购
  • 参考咨询
  • 我的图书馆
  • 登录
  • 详细信息显示
  • 放入我的书架
  • 预约/预借图书
  • 作者相关作品
  • 分类相关作品
  • 丛书相关作品
  • 出版社相关作品

书目信息

  • 表格格式
  • 工作单格式
  • 卡片格式
书名: Western Europe since 1945
作者: Derek W. Urwin.
分册号:
分册名:
出版地: London ;
 
出版社: Longman
出版时间: 1989.
页数: xii, 415 p. :
开本: 22 cm.
丛书名:
中图分类号:
科图分类号:
其他分类号: K56
主题词:
电子资源:
000 01167cam a2200325 a 450
001 E0740774501
005 20070517112506.00
008 880620s1989 enka b 001 0 eng
010    @a88021867
020    @a0582495113 (pbk.).
035    @A(DLC) 88021867
040    @aDLC@cDLC@dDLC
043    @ae------
050 00 @aD1058@b.U78 1989
082 00 @a940.55@2 19
090    @aK56
099    @dK56@ex8=4
100 1  @aUrwin, Derek W.
245 10 @aWestern Europe since 1945 :@ba political history / @cDerek W. Urwin.
250    @a4th ed.
260    @aLondon ;@aNew York :@bLongman,@c1989.
300    @axii, 415 p. :@bill. ;@c22 cm.
504    @aIncludes bibliographical references (p. 392-399) and index.
650  0 @aEuropean federation.
651  0 @aEurope@xPolitics and government@y1945-
906    @a7@bcbc@corignew@d1@eocip@f19@gy-gencatlg
920    @a**LC HAS REQ’D # OF SHELF COPIES**
955    @apc07 06-20-88; pc02 to br00 06-21-88; br26 to SCD 06-21-88; fd14 06-23-88; fr38 06-29-88; CIP ver. je43 03-19-97
991    @bc-GenColl@hD1058@i.U78 1989@p00039027161@tCopy 2@wCCF
991    @bc-GenColl@hD1058@i.U78 1989@tCopy 1@wBOOKS
    
    Western Europe since 1945 : : a political history / / Derek W. Urwin.-4th ed.-London ; ; New York : : Longman, , 1989.
    xii, 415 p. : : ill. ; ; 22 cm.
    Includes bibliographical references (p. 392-399) and index.
    
    ISBN 0582495113 (pbk.).
    
●
相关链接 在E读中查询图书 在五车中查询图书 在当当中查询图书 在豆瓣中查询图书


正题名:Western Europe since 1945     索取号:K56/x8=4         预约/预借

序号 登录号 条形码 馆藏地/架位号 状态 备注
1 0010354   300103545   第二样本阅览室/ [索取号:K56/x8=4] 在馆    
唐山师范学院图书馆 欢迎您!
大连网信软件有限公司© 版权所有